Running MS DOS (Record no. 176179)

MARC details
000 -LEADER
fixed length control field 00343nam a2200145Ia 4500
008 - FIXED-LENGTH DATA ELEMENTS--GENERAL INFORMATION
fixed length control field 231217s9999 xx 000 0 und d
041 ## - LANGUAGE CODE
Language code of text/sound track or separate title English
082 ## - DEWEY DECIMAL CLASSIFICATION NUMBER
Classification number 001.6404 WOL1 R
100 ## - MAIN ENTRY--PERSONAL NAME
Personal name Wolverton, Van
245 #0 - TITLE STATEMENT
Title Running MS DOS
250 ## - EDITION STATEMENT
Edition statement 4th ed.
260 ## - PUBLICATION, DISTRIBUTION, ETC.
Date of publication, distribution, etc. 1989
Name of publisher, distributor, etc. Microsoft,
Place of publication, distribution, etc. Washington
300 ## - PHYSICAL DESCRIPTION
Extent xiii+542
942 ## - ADDED ENTRY ELEMENTS (KOHA)
Koha item type Books
Holdings
Date last seen Total checkouts Full call number Accession number Price effective from Category Lost status Damaged status Department Withdrawn status Home library Current library Shelving location Entry date Vendor Grants Billnumber Billdate Currency symbol Conversion rate Discount Old discount
26/01/2024   001.6404 WOL1 R 37941 26/01/2024 Books     Information Science   Central Library Central Library Central Library 21/09/2005 Publisher IS   09/03/2012 RS 1    

© For any Suggestions or Query, please contact the library staff @ librarian@pes.edu or Phone: +9180 2672 1983/ 2108.